00810nam a2200217Ii 45000010005000000030009000050080041000140400033000550410008000880820020000961000029001162450047001452640094001923000012002863360026002983370028003243380027003529400050003799990017004299520146004464874CO-ViMGA241108s9999||||xx |||||||||||||| ||und|| aCO-ViMGAbspaerdacCO-ViMGA0 aunk04a657.837042-S4741 aSimón Schrooder95705210aContabilidad Hotelera unidad Autoformativa 1a[Lugar de publicación no identificado] : SENA, [Fecha de publicación no identificada] avolumen atextbtxt2rdacontent aunmediatedbn2rdamedia avolumebnc2rdacarrier aidficha_siabuc: 4748. -- ficha_no_siabuc:4874 c55285d55285 001040708001aMEVIGERRbMEVIGERRcGENd2006-11-27hVol.1o657.837042-S474pECA3848r2024-11-26 10:42:09tEj.1w2024-11-26yBKz4748 | 6826